1352 1285 1747 1044 1346 1074 1214 1937 1542 1760 1075 1464 1996 1329 1532 1589 1144 1363 1548 1575 1066 1324 1130 1503 1187 1635 1402 1978 1921 1691 1276 1337 1153 1311 1108 1595 1535 1457 1180 1338 1222 1630 1071 1021 1914 1446 1991 1610 1483 1846 1807 1768 1360 1007 1184 1907 1319 1029 1143 1384 1763 1247 1613 1898 1778 1688 1183 1927 1680 1082 1280 1270 1526 1991 1350 1727 1204 1866 1832 1913 1506 1193 1057 1232 1053 1601 1305 1934 1170 1501 1298 1633 1202 1319 1262 1642 1833 1457 1956 BCNSPRNW ULIB Ver.6.0+V

เปลี่ยนเป็นภาษาไทย

Change to English
 แสดงรายละเอียดบรรณานุกรม
  กลับหน้าหลัก

Brief Record : Get Marc (ISO 2709) : E-mail record : QR code < ปิดหน้าต่าง
LEADER : 00000nam 2200000uu 4500
001    13399121600
003     ULIB
008    121126s||||||||th 000 0 tha d
020    ^a9789743429194
060 04 ^aWC503.2^bส253ก 2551
100 0  ^aสมนึก สังฆานุภาพ
245 10 ^aการดื้อยาต้านเอชไอวี :^bหลักการพื้นฐานและการใช้ทางคลินิก =HIV drug resistance : basic principles & clinical implications /^cสมนึก สังฆานุภาพ
246 30 ^aHIV drug resistance :^bbasic principles & clinicalimplications
250    ^aพิมพ์ครั้งที่ 1
260    ^aกรุงเทพฯ :^bหน่วยโรคติดเชื้อ ภาควิชาอายุรศาสตร์คณะแพทยศาสตร์โรงพยาบาลรามาธิบดี มหาวิทยาลัยมหิดล,^c2551
300    ^a[6], 232 หน้า :^bภาพประกอบ ;^c27 ซม.
650  2 ^aHIV
650  2 ^aResistance
650  7 ^aกลุ่มอาการภูมิคุ้มกันเสื่อม^xการรักษาด้วยยา^xผลไม่พึงประสงค์
650  7 ^aเอชไอวี, การติดเชื้อ^xการรักษา
650  7 ^aการดื้อยา
650  7 ^aสารต้านไวรัส^xผลไม่พึงประสงค์
650  7 ^aเอชไอวี, การติดเชื้อ^xการรักษาด้วยยา^xผลไม่พึงประสงค์
710 2  ^aมหาวิทยาลัยมหิดล. ^bคณะแพทยศาสตร์โรงพยาบาลรามาธิบดี.^bภาควิชาอายุรศาสตร์
945    ^p450^l0^i15694
945    ^p450^l0^i15695
995    ^aกัณชพร
999 ^a ใช้งานได้ทุกระบบ
รายการนี้ยังไม่มีแท็ก
คุณยังไม่ได้ล็อกอิน คุณสามารถมีกิจกรรมร่วมกับเว็บไซต์ได้ แต่ต้องล็อกอินก่อน ::
  ล็อกอิน

รายการสื่อสารสนเทศ

ลำดับที่ ประเภท เลขเรียก/บาร์โค้ด สถานที่ สถานะ
1. วิทยาศาสตร์การแพทย์ และสุขภาพ
วิทยาศาสตร์การแพทย์ และสุขภาพ
WC503.2 ส253ก 2551  
  Barcode: 15694
ห้องสมุดวิทยาเขตสวรรค์ประชารักษ์
►ส่วนจัดเก็บหนังสือเก่า สปร
บนชั้น
  ขอยืม
2. วิทยาศาสตร์การแพทย์ และสุขภาพ
วิทยาศาสตร์การแพทย์ และสุขภาพ
WC503.2 ส253ก 2551 ฉ.2 
  Barcode: 15695
ห้องสมุดวิทยาเขตสวรรค์ประชารักษ์
►ส่วนจัดเก็บหนังสือเก่า สปร
บนชั้น
  ขอยืม

รายการใกล้เคียง
    ผู้แต่ง [สมนึก สังฆานุภาพ]

    หัวเรื่อง [HIV]
    หัวเรื่อง [Resistance]
    หัวเรื่อง [การดื้อยา]

BibComment


ยังไม่เคยถูกคอมเมนท์

คอมเมนท์ทรัพยากรรายการนี้
  คอมเมนท์: การดื้อยาต้านเอช..


 Copyright 2026. Bcnsprnw @Library